| 000 -LEADER | |
|---|---|
| fixed length control field | 00445nam a22001817a 4500 |
| 005 - DATE AND TIME OF LATEST TRANSACTION | |
| control field | 20180208142416.0 |
| 008 - FIXED-LENGTH DATA ELEMENTS--GENERAL INFORMATION | |
| fixed length control field | 160613b xxu||||| |||| 00| 0 eng d |
| 020 ## - INTERNATIONAL STANDARD BOOK NUMBER | |
| ISBN | 81-7656706-X |
| 041 ## - LANGUAGE CODE | |
| Language code of text/sound track or separate title | eng |
| 082 ## - DEWEY DECIMAL CLASSIFICATION NUMBER | |
| Item number | 7085 |
| Classification number | 005.73 |
| 100 ## - MAIN ENTRY--AUTHOR NAME | |
| Personal name | Kanetkar, yashavant |
| 245 ## - TITLE STATEMENT | |
| Title | Data Structures Through C |
| 250 ## - EDITION STATEMENT | |
| Edition statement | 2nd ed. |
| 260 ## - PUBLICATION, DISTRIBUTION, ETC. (IMPRINT) | |
| Name of publisher | BPB Publishing |
| Place of publication | new delhi |
| 300 ## - PHYSICAL DESCRIPTION | |
| Number of Pages | 647 |
| 650 ## - SUBJECT ADDED ENTRY--TOPICAL TERM | |
| Topical Term | Information Technology |
| 942 ## - ADDED ENTRY ELEMENTS (KOHA) | |
| Koha item type | Books |
| Lost status | Damaged status | Collection code | Home library | Current library | Shelving location | Date acquired | Cost, normal purchase price | Full call number | Accession Number | Koha item type |
|---|---|---|---|---|---|---|---|---|---|---|
| Reference | JRU Library | JRU Library | SHELF-53-B | 13/06/2016 | 248.00 | 7085 | 7085 | Books | ||
| CS/IT | JRU Library | JRU Library | SHELF-55-D | 13/06/2016 | 248.00 | 005.73 | 7086 | Books | ||
| CS/IT | JRU Library | JRU Library | SHELF-55-D | 13/06/2016 | 248.00 | 005.73 | 7087 | Books | ||
| CS/IT | JRU Library | JRU Library | SHELF-54-C | 13/06/2016 | 248.00 | 005.73 | 7088 | Books | ||
| CS/IT | JRU Library | JRU Library | SHELF-55-D | 13/06/2016 | 248.00 | 005.73 | 7089 | Books |